Normal view
MARC view
- عبداللة، ياووزشفيق، م .مشارك عادل ابراهيم الكناني
Entry Personal Name
001 - CONTROL NUMBER
- control field: 39064
003 - CONTROL NUMBER IDENTIFIER
- control field: JO-AjAnu
005 - DATE AND TIME OF LATEST TRANSACTION
- control field: 20230606080511.0
008 - FIXED-LENGTH DATA ELEMENTS
- fixed length control field: 230606|| aca||aabn | a|a d
040 ## - CATALOGING SOURCE
- Original cataloging agency: JO-AjAnu
- Transcribing agency: JO-AjAnu
100 ## - HEADING--PERSONAL NAME
- Personal name: عبداللة، ياووزشفيق، م .مشارك عادل ابراهيم الكناني
670 ## - SOURCE DATA FOUND
- Source citation: Work cat.: (JO-AjAnu)20035: عبداللة، ياووزشفيق، م .مشارك عادل ابراهيم الكناني, author, مشاتل الغابات لطلبة الصف الرابع /غابات